Statistics for US Presidents Trivia Quiz

Click here to take the quiz!

General Stats

  • This quiz has been taken 422 times
  • The average score is 13 of 43

Answer Stats

Hint Answer % Correct
Teapot DomeWarren Gamaliel Harding
54%
Dred Scott v. SandfordJames Buchanan
49%
Manuel NoriegaGeorge Herbert Walker Bush
47%
Three Mile IslandJimmy Carter
46%
MogadishuWilliam Jefferson Clinton
44%
The Whiskey RebellionGeorge Washington
44%
XYZ AffairJohn Adams
44%
Removed last federal troops from the SouthRutherford Birchard Hayes
43%
Medicare Part DGeorge Walker Bush
42%
Checkpoint Charlie crisisJohn Fitzgerald Kennedy
42%
The Little Rock NineDwight David Eisenhower
39%
Missouri CompromiseJames Monroe
37%
"Remember the Maine!"William McKinley
36%
Wounded Knee massacreBenjamin Harrison
36%
The Trail of TearsMartin Van Buren
36%
Seward's FollyAndrew Johnson
35%
Standard Oil Company found to violate the Sherman Antitrust ActWilliam Howard Taft
35%
Was shot in front of the 16th President's sonJames Abram Garfield
33%
Sinclair's The JungleTheodore Roosevelt
32%
Tecumseh was his military adversaryWilliam Henry Harrison
31%
Treaty of GhentJames Madison
30%
Fugitive Slave ActMilliard Fillmore
30%
Dr. C. Everett KoopRonald Reagan
29%
Golden SpikeUlysses S. Grant
28%
Federal Reserve ActWoodrow Wilson
27%
Homestead ActAbraham Lincoln
27%
Disowned by his own political partyJohn Tyler
25%
Whip Inflation Now (WIN)Gerald Rudolph Ford
25%
Kitchen DebateRichard Milhous Nixon
25%
Good Neighbor PolicyFranklin Delano Roosevelt
25%
Tariff of AbominationsJohn Quincy Adams
24%
Forty-ninth ParallelJames Knox Polk
23%
The Bonus MarchHerbert Clark Hoover
23%
"Who lost China?"Harry S. Truman
23%
Free Speech MovementLyndon Baines Johnson
22%
Nat Turner's RebellionAndrew Jackson
21%
The Gadsen PurchaseFranklin Pierce
21%
Kellogg–Briand PactCalvin Coolidge
20%
Haymarket Square riotGrover Cleveland
19%
The Battle of Buena VistaZachary Taylor
18%
Consumer Financial Protection BureauBarack Hussein Obama
17%
Leopard attack on the ChesapeakeThomas Jefferson
17%
Pendleton ActChester Alan Arthur
16%

Score Distribution

Percentile by Number Answered

Percent of People with Each Score

Your Score History

You have not taken this quiz